| 000 | 00465nam a22001817a 4500 | ||
|---|---|---|---|
| 003 | MPLRDC | ||
| 005 | 20220104123339.0 | ||
| 008 | 210129b ||||| |||| 00| 0 eng d | ||
| 020 | _a7-5413-0004-7 | ||
| 082 | _a907 ZGYS | ||
| 100 | _a中国艺术研究院美术研究所编 | ||
| 245 |
_a中国民间美术研究 _c |
||
| 250 | _a一版一刷 | ||
| 260 |
_a _b贵州美术出版社 _c1987 |
||
| 300 | _b平 | ||
| 650 | _a艺术杂论 | ||
| 942 |
_cBK _o907 ZGYS |
||
| 999 |
_c10669 _d10659 |
||